000 00601nam a2200181Ia 4500
003 GCL
008 140319s9999 xx 000 0 ara d
040 _aGCL /
_cGCL
082 0 4 _a239.8
_bع ع
100 1 _aعفيف النابلسى
245 1 0 _aعلاقة المسيحيين بأهل بيت النبى /
_cعفيف النابلسى
250 _aالاولى
260 _aبيروت :
_bدار الهادى ،
_c2001
300 _a143 ص ؛
_c16 سم
650 0 4 _aالاسلام والمسيحية
650 0 4 _aاهل بيت الرسول صلى الله عليه وسلم
942 _2ddc
_cBK
999 _c6448
_d6448